|
|
|
|
| LEADER |
00000nab a2200000 a 4500 |
| 001 |
vtls000518964 |
| 003 |
SK-MaSNL |
| 005 |
20260304094736.0 |
| 008 |
250425c1993 xo 0 slo |
| 015 |
|
|
|a SNBRB19rr/mm-uuuuu
|
| 035 |
|
|
|a CL0519102
|
| 035 |
|
|
|a urn:nbn:sk:snk-ab7hne
|
| 035 |
|
|
|a (urnnbn)urn:nbn:sk:snk:ar-005syx
|
| 035 |
|
|
|a (uuid)4f0ee0aa-3078-455a-9e30-76bcc7e49600
|
| 040 |
|
|
|a SNKBUCL
|b slo
|c SNKBUCL
|e AACR2
|
| 041 |
0 |
|
|a eng
|
| 044 |
|
|
|a xo
|c SK
|
| 080 |
|
|
|a 549.742.112.02
|2 1981
|
| 100 |
1 |
|
|a Majling, Ján,
|d 1942-
|4 aut
|9 40011
|
| 245 |
1 |
0 |
|a Approximations of the Mineralogical Composition of Magnesite Clinkers
|c J. Majling, M. Vlna, V. Jesenák
|
| 300 |
|
|
|b Grafy 3, tab. 4, lit. 13 zázn. v angl., slov.
|
| 650 |
0 |
7 |
|a magnezit
|2 snkbucl
|9 17140
|
| 655 |
|
7 |
|a články z novín a časopisov
|2 snkbucl
|9 267496
|
| 700 |
1 |
|
|a Vlna, M.
|4 aut
|9 999930
|
| 700 |
1 |
|
|a Jesenák, Viktor,
|d 1926-2000
|4 aut
|9 37295
|
| 773 |
0 |
|
|t Chemical papers. Chemické zvesti
|g Roč. 47, č. 5 (1993), s. 298-302
|x 0366-6352
|
| 850 |
|
|
|a Slovenská národná knižnica
|
| 852 |
|
|
|a Slovenská národná knižnica
|
| 958 |
|
|
|a article7
|
| 958 |
|
|
|a NB
|
| 958 |
|
|
|a RK
|
| 958 |
|
|
|a OND
|
| 958 |
|
|
|a EUIPO
|
| 992 |
|
|
|a RBX
|
| 999 |
|
|
|c 2828791
|d 2830721
|